000 00441pab a2200169 454500
008 180718b2000 xxu||||| |||| 00| 0 eng d
100 _aMarin-Bosch, Mignel
245 _aNuclear disarmament, 1995-2000: isn't it pretty to think so
260 _c2000
300 _ap.531-38
362 _aMay
650 _aNuclear weapons
650 _aDisarmament
650 _aNuclear nonproliferation
773 _aStrategic Digest
909 _a44827
999 _c44827
_d44827